Dinge die mit B anfangen (Kenshin Edition) - Statistiken

Allgemein
  • Dieses Quiz wurde 334 mal gespielt
  • Das Durchschnittsergebnis liegt bei 12 aus 16
Antwortstatistiken
Bildquiz Antwort % Korrekt
Banane
100%
Bier
100%
Bus
100%
Bär
99%
Brasilien
99%
Berlin
97%
Bayern
96%
Billard
89%
Bongo
86%
Bhutan
73%
Bieber
73%
Bassgitarre
68%
Barcelona
49%
Borneo
35%
Bermuda
22%
Baskenland
8%
Keine übereinstimmenden Quizze gefunden
Verteilung der Resultate
Anzahl Personen mit jedem Resultat
Perzentil nach korrekt beantworteten Fragen
Ihre Resultats-Entwicklung
Sie haben dieses Quiz noch nicht gespielt